000
00294nam a22001337a 4500
008
170131b xxu||||| |||| 00| 0 eng d
020
_a
2900135133957
041
_a
eng
080
_a
61
100
_a
3
101
_a
SHM
245
_a
MEDICAL TERMINOLOGY COMPLETE
_c
WINGERD, B
942
_2
udc
_c
BK
999
_c
4116
_d
4116